|
|
|
|
| LEADER |
00000cam a2200000 a 4500 |
| 001 |
TE-183 |
| 005 |
20230308192334.0 |
| 008 |
996053|1996 ||||||||r|||||||||||spa|| |
| 040 |
|
|
|b spa
|
| 041 |
1 |
|
|a spa
|
| 245 |
|
|
|a Implementación de índices técnicos-comerciales en la E.E.R.C.S. C.A.
|c Jorge Fabián Palacios O. y Jorge Fabricio Moscoso O. Directores Juan Ugalde D. y Hernán Carrillo T.
|h dact
|
| 264 |
|
|
|a Cuenca
|c 1996
|
| 300 |
|
|
|a 128 páginas:
|b ilu
|c 31 cm
|
| 502 |
|
|
|a Ingeniero Eléctrico
|b Universidad de Cuenca
|c ing
|d Ugalde Delgado, Juan Hernando, dir.
|e INGENIERIA ELECTRICA
|
| 504 |
|
|
|a incl. ref.
|
| 520 |
3 |
|
|a Los índices de gestión comercial permiten fijar procedimientos para la recopilación de datos estadísticos y medir la gestión de la empresa con respecto a la atención de los clientes, es así que dentro de la actividad comercial esta constituye una de las más importantes preocupaciones de directivos y funcionarios de la entidad, no solamente porque son los clientes que contribuyen en forma importante a sostener la economía de la Empresa, sino que al mismo tiempo, son los que con su opinión, valdrán en forma preliminar la gestión de la misma, contribuyendo a realzar o empañar su imagen
|
| 650 |
|
0 |
|a Fuente de energía renovable
|9 35906
|
| 650 |
|
|
|a Comercializacion electrica
|9 136063
|
| 650 |
|
|
|a Tesis en ingenieria electrica
|9 131323
|
| 700 |
1 |
|
|a Palacios O., Jorge Fabián
|9 136064
|
| 700 |
1 |
|
|a Moscoso O., Jorge Fabricio
|9 136065
|
| 852 |
|
|
|a UC-CDJBV
|c CUARTO PISO (SECCION TESIS)
|f Donación
|k zulay.encalada
|l 1
|m Limitada
|p 19960530
|t TE-183
|b 1
|d CDRC
|e CDRC
|g CUARTO PISO (SECCION TESIS)
|z 1996-60-53
|
| 942 |
|
|
|c TS
|
| 999 |
|
|
|c 79098
|d 79098
|